000
00268nam a2200109Ia 4500
008
220204s9999 xx 000 0 und d
082
_a
621.396
_b
RAD
245
0
_a
Radio valve and transistor data
260
_a
London
_b
Iliffe
_c
1970
650
_a
Radio wave
942
_c
BK
999
_c
22376
_d
22376